Vista normal
Vista MARC
Entrada Personal Name
Número de registros utilizados en: 1
001 - CONTROL NUMBER
- control field: 2525
003 - CONTROL NUMBER IDENTIFIER
- control field: OSt
005 - DATE AND TIME OF LATEST TRANSACTION
- control field: 20130726124533.0
008 - FIXED-LENGTH DATA ELEMENTS
- fixed length control field: 130726|||a|||||| | ||| d
040 ## - CATALOGING SOURCE
- Original cataloging agency: OSt
- Transcribing agency: OSt
100 ## - HEADING--PERSONAL NAME
- Personal name: Carabasi, R.A.
- Titles and other words associated with a name: III
- Fuller form of name: R. Anthony Carabasi III
670 ## - SOURCE DATA FOUND
- Source citation: Work cat.: (OSt): Jarrell, Bruce E. 2523, NMS. Cirugia, 2009